000 00719nam a22002297a 4500
005 20170124110053.0
010 _aA-381997
020 _c00.00
_a8171580947
035 _aA-381997
037 _bCen Lib/Ret
040 _aDPL
_bEN
082 _a658.7
_bMIS
100 _aMishra, B.K.
_925854
245 _aTheory and practice of inventory management /
_cby B.K. Mishra
260 _aNew Delhi
_bAkashdeep Publishing House
_c1989
270 _bNew Delhi
_a1-7A, new govind pura
_e110051
300 _axv, 273p.
_c21cm(Hb)
500 _aIncludes bibliographical references
650 _aInventory management
_925855
650 _aTheory and practice
_925856
942 _2ddc
_cEN
_h658.7
_mMIS
999 _c129257
_d129257